Sports Quiz

Random Sports Quiz

Top 25 Quarterbacks of All Time (Opinion based) Quiz Stats

 Plays Quiz not verified by Sporcle

Challenge
Share
Tweet
Embed
Score 0/25 Timer 10:00
0 Plays Today
Year/Team Player % Correct
3. Patriots 2000-PresentTom Brady
99.3%
1. 49ers 1979-1994Joe Montana
99.3%
4. Dolphins 1983-1999Dan Marino
99.3%
5. Colts 1998-PresentPeyton Manning
99.3%
6. Broncos 1983-1998John Elway
98.7%
9. Packers 1991-2010Brett Favre
98.7%
10. 49ers 1984-1999Steve Young
97.3%
13. Steelers 1970-1983Terry Bradshaw
97.3%
21. Cowboys 1989-2000Troy Aikman
97.3%
23. Saints 2001-PresentDrew Brees
96%
2. Colts 1955-1973Johnny Unitas
94.6%
11. Packers 1956-1971Bart Starr
94.6%
24. Eagles 1999-2011Donovan McNabb
94%
Year/Team Player % Correct
8. Cowboys 1969-1979Roger Staubach
91.9%
25. Jets 1965-1977Joe Namath
91.9%
19. Bills 1986-1996Jim Kelly
91.3%
18. Oilers 1978-2000Warren Moon
91.3%
12. Vikings 1961-1978Frank Tarkenton
87.9%
14. Chargers 1973-1987Dan Fouts
87.9%
7. Browns 1946-1955Otto Graham
72.5%
20. Bengals 1971-1986Ken Anderson
68.5%
16. Chiefs 1957-1975Len Dawson
67.8%
22. Giants 1948-1964Y.A. Tittle
65.8%
15. Redskins 1957-1974Sonny Jurgensen
58.4%
17. Rams 1949-1960Norm Van Brocklin
24.8%

You're not logged in!

Compare scores with friends on all Sporcle quizzes.
Join for Free
OR
Log In

You Might Also Like...

Show Comments

Extras

Created Apr 3, 2015ReportNominate
Tags:All Time, player, team, Top 50

Top Quizzes Today


Score Distribution

Your Account Isn't Verified!

In order to create a playlist on Sporcle, you need to verify the email address you used during registration. Go to your Sporcle Settings to finish the process.

Report this User

Report this user for behavior that violates our Community Guidelines.

Details: